书目信息 |
| 题名: |
永不言败 —— 海明威
|
|
| 作者: | ;图说名人编委会 编著 | |
| 分册: | ||
| 出版信息: | 海口 南海出版公司 2015 |
|
| 页数: | 106页 | |
| 开本: | 23cm | |
| 丛书名: | 图说名人 | |
| 单 册: | ||
| 中图分类: | K837.125.6 , K837.12 | |
| 科图分类: | ||
| 主题词: | 作家--zuo jia--传记--美国--现代 | |
| 电子资源: | ||
| ISBN: | 978-7-5442-7948-2 | |
| 000 | 00965nam 2200265 450 | |
| 001 | 2347824999 | |
| 005 | 20231109130804.88 | |
| 010 | @a978-7-5442-7948-2@dCNY36.00 | |
| 100 | @a20201020d2015 em y0chiy50 ea | |
| 101 | 0 | @achi |
| 102 | @aCN@b460000 | |
| 105 | @aa z 000yb | |
| 200 | 1 | @a永不言败 —— 海明威@Ayong bu yan bai — — hai ming wei@f《图说名人》编委会编著 |
| 210 | @a海口@c南海出版公司@d2015 | |
| 215 | @a106页@c图 (部分彩图)@d23cm | |
| 225 | 2 | @a图说名人@Atu shuo ming ren |
| 330 | @a本书图文结合, 精选了与海明威紧密相关的各类图片, 再现了海明威传奇的一生, 包括橡树园的骄子、初出茅庐、初圆作家梦等内容。 | |
| 410 | 0 | @12001 @a图说名人 |
| 600 | 1 | @a海明威@Ahai ming wei@g(Hemingway, Ernest),@f1899-1961@x传记 |
| 606 | 0 | @a作家@Azuo jia@x传记@y美国@z现代 |
| 690 | @aK837.125.6@v5 | |
| 690 | @aK837.12@v4 | |
| 711 | 02 | @a图说名人编委会@Atu shuo ming ren bian wei hui@4编著 |
| 801 | 0 | @aCN@b山东中教@c20230928 |
| 905 | @aBZT@dK837.12@e64 | |
| 永不言败 —— 海明威/《图说名人》编委会编著.-海口:南海出版公司,2015 |
| 106页:图 (部分彩图);23cm.-(图说名人) |
| ISBN 978-7-5442-7948-2:CNY36.00 |
| 本书图文结合, 精选了与海明威紧密相关的各类图片, 再现了海明威传奇的一生, 包括橡树园的骄子、初出茅庐、初圆作家梦等内容。 |
| ● |
| 相关链接 |
|
|
|
正题名:永不言败 —— 海明威
索取号:K837.12/64
 
预约/预借
| 序号 | 登录号 | 条形码 | 馆藏地/架位号 | 状态 | 备注 |
| 1 | 2000972987 | 2000972987 | 第四书库/四30架B面3层3列/ [索取号:K837.12/64] | 在馆 | |
| 2 | 2000972988 | 2000972988 | 培训中心一楼图书角/四30架B面3层3列/ [索取号:K837.12/64] | 在馆 | |
| 3 | 2000972989 | 2000972989 | 培训中心一楼图书角/四30架B面3层3列/ [索取号:K837.12/64] | 在馆 | |
| 4 | 2000972990 | 2000972990 | 培训中心一楼图书角/四30架B面3层3列/ [索取号:K837.12/64] | 在馆 | |
| 5 | 2000972991 | 2000972991 | 第四书库/四30架B面3层3列/ [索取号:K837.12/64] | 在馆 | |
| 6 | 2000972992 | 2000972992 | 第四书库/四30架B面3层3列/ [索取号:K837.12/64] | 在馆 |